000 00733nam a2200289Ia 4500
005 20260324150940.0
008 008 260324s9999 xx 000 0 eng d
020 _a9780429401114
037 _aEBOOK
040 _aCRL
040 _beng
040 _cCRL
041 _2eng
041 _aeng
084 _qCRL
100 _aCharles Greene Cumston
_91228195
245 3 _aAn Introduction to the History of Medicine
245 0 _bFrom the Time of the Pharaohs to the End of the XVIIIth Century
260 _bTaylor and Francis
260 _c1926
365 _a
365 _b230
856 _uhttp://www.taylorfrancis.com/books/9780429401114
942 _cEBOOK
999 _c1838505
_d1838505